| 000 | 01579nam a2200313 4500 | ||
|---|---|---|---|
| 001 | 0001529998 | ||
| 003 | DO-SdBNP | ||
| 005 | 20221102114708.0 | ||
| 007 | 0001529998 | ||
| 008 | 000517s2002 sp | ||| ||spa | ||
| 016 | 7 |
_a _2 |
|
| 017 |
_a _b |
||
| 020 | _a8477206236 | ||
| 040 |
_aBPMSU _bspa _cBPMSU _e |
||
| 082 | 4 |
_a863.5 _bG732p 2002 _222 |
|
| 100 | 1 | _aGrad, Marcia | |
| 245 | 1 | 3 |
_aLa princesa que creía en los cuentos de hadas / _cMarcia Grad ; traducción del inglés, Elena Lampérez Sánchez _h |
| 250 | _a30a. ed. | ||
| 260 |
_aBarcelona : _bObelisco, _c2002 |
||
| 300 |
_a221 p.: _c21 cm. |
||
| 490 | 0 | _a Colección Obelisco Narrativa. | |
| 505 | 0 | _a Algún día llegará mi príncipe 5 -- La princesita y el Código Real 11 -- Más allá de los jardines de Palacio 23 -- II. -- El príncipe azul llega al rescate 31 -- El Dr. Risitas y el Sr. Escondido 43 -- Siempre se aplasta la rosa más hermosa 53 -- Un acuerdo de la mente y el corazón 69 -- Hacer o no hacer... 77 -- Una guía para vivir feliz 85 -- III. -- El camino de la verdad 97 -- El mar de la emoción 109 -- La tierra de la ilusión 127 -- El campamento de los viajeros perdidos 139 -- El país de Es 157 -- Viaje a un lugar llamado memoria 169 -- El valle de la perfección 181 -- IV. -- El templo de la verdad 191 -- El pergamino 199 | |
| 534 |
_aTítulo original : _tThe princess who believed in fairy tales |
||
| 650 | 4 | _aNovela española | |
| 650 | 4 | _aLiteratura española | |
| 700 | 1 |
_a Lampérez Sánchez, Elena _etr. |
|
| 910 | _aVMateo V. /Validado | ||
| 942 |
_2ddc _cBK |
||
| 999 |
_c9139 _d9139 |
||